000 00359nam a2200145Ia 4500
008 230711s9999||||xx |||||||||||||| ||und||
041 _aENG
082 _a624
_bSU-B
100 _aKumar,Sushil
245 0 _aBuilding construction
250 _a15th Ed.
260 _c1991
_aNew Delhi
_bStandard Publishing Distributors
650 _aCivil Engineering
942 _cBK
999 _c26
_d26